| 000 | 00496nam a2200193Ia 4500 | ||
|---|---|---|---|
| 999 |
_c13694 _d13694 |
||
| 003 | 0100 | ||
| 005 | 20190722110127.0 | ||
| 008 | 130303s9999 xx 000 0 und d | ||
| 020 | _a435080113 | ||
| 040 | _cARRUPELIB | ||
| 050 | _aHN773.B36 1986 | ||
| 245 | _aBanditry, rebellion, and social protest in Africa | ||
| 260 |
_aLondon _bHeinemann _c1986 |
||
| 300 | _ax | ||
| 300 | _b 404p. 24cm | ||
| 650 |
_bAfrica _xColonization _947374 |
||
| 700 |
_aedited by Donald Crummey _947375 |
||
| 942 |
_2lcc _cMONOGRAPH |
||